NBA quizzes - Statistics

General Stats
  • This quiz has been taken 88 times
  • The average score is 5 of 16
Answer Stats
Hint Answer % Correct
Youngest player in NBA history to reach 5,000 career points LeBron James
95%
Player has the most missed field goals in NBA history Kobe Bryant
78%
First player in NBA history to record 200 steals and 100 blocks in a single season Michael Jordan
69%
A coach has the most career wins in NBA history Gregg Popovich
50%
Team holds the record for the longest winning streak in a single NBA season Los Angeles Lakers
42%
Only player to win Finals MVP despite not starting a single game in the Finals Andre Iguodala
36%
First player to reach 10k points George Mikan
30%
Holds the record for the most career playoff blocks Tim Duncan
30%
Undrafted player has scored the most career points in NBA history Moses Malone
22%
Youngest to record a triple-double in NBA Josh Giddey
19%
Only player in NBA history to win MVP, All-Star MVP, and Finals MVP in the same season Willis Reed
8%
Hall of Famer never made an All-NBA First Team Dennis Rodman
3%
First player to be drafted straight from high school Reggie Harding
3%
First international-born player to be selected No. 1 overall in the NBA Draft Mychal Thompson
2%
Only player in NBA history to win a title in three different decades John Salley
0%
Hold record for most assists in a single quarte Steve Blake
0%
No matching quizzes found
Score Distribution
Percent of People with Each Score
Percentile by Number Answered
Your Score History
You have not taken this quiz